| 000 | 00538nam a2200193Ia 4500 | ||
|---|---|---|---|
| 999 |
_c14816 _d14816 |
||
| 003 | OSt | ||
| 005 | 20201027124355.0 | ||
| 008 | 190216s9999||||xx |||||||||||||| ||und|| | ||
| 020 | _a9788130904528 | ||
| 040 | _coclc | ||
| 082 |
_a823.914 _bBLO/W |
||
| 100 |
_aBloom, Harold _95352 |
||
| 245 | 0 |
_aWilliam Golding's Lord Of The Files / _cHarold Bloom |
|
| 250 | _a2nd Ed. | ||
| 260 |
_bViva Books, _c2010. _aNew Delhi: |
||
| 300 | _a64p | ||
| 650 | _aEnglish | ||
| 942 |
_cBK _2ddc _h823.914 _iBLO/W _k823.914 _mBLO/W |
||